000 00918nam a2200169 a 4500
001 000036273
005 20240508200520.0
008 120112s1906 xxu 000 0 eng d
040 _aDO-SdBNP
_bspa
_cBNPHU
100 1 _aMoore, John Bassett
_962388
245 1 0 _aA digest of international law /
_cby John Bassett Moore.
260 _aWashington :
_bGovernment Printing Officce,
_c1906.
300 _av-.
500 _aBiblioteca tiene v.3
500 _aInspiradas en las discusiones diplomáticas, tratados y otros acuerdos internacionales, premios internacionales, las decisiones de los tribunales municipales y los escritos de los juristas,en especial en los documentos, publicados y no publicados, emitidos por los presidentes y secretarios de Estado de los Estados Unidos, las opiniones de los fiscales generales, y las decisiones de los tribunales, federales y estatales
650 2 0 _aDerecho internacional
_93258
999 _c35764
_d35764